000 01165nam a2200337 a 4500
001 vtls000205465
003 NLI
005 20210602115523.0
008 101126s1981 nyua 001 0 eng
020 _a0080271084 :
_cPND 68.00
039 9 _y201011260014
_zVLOAD
040 0 _aNLI
_beng
_cDatasoft 1
_eAACR2
041 0 _aeng
044 _anyu
082 0 4 _a338.91
245 0 0 _aControlling international technology transfer :
_bissues, perspectives and policy implications /
_cedited by Tagi Sagafi-nejad, Richard W. Moxon [and] Howard V. Perlmutter
260 _aNew York :
_bPergamon Press,
_cc1981
300 _axx, 544 p. :
_bill. ;
_c24 cm.
440 0 _aPergamon policy studies on international development
_9222744
500 _aIncludes index
650 0 _aTechnology transfer
700 1 _aSagafi-nejad, Tagi,
_d1941-,
_4edt
_9389701
700 1 _aMoxon, Richard W.,
_d1941-,
_4edt
_9390431
700 1 _aPerlmutter, Howard V.,
_4edt
_9389700
887 _a
901 _a472546
_b05.02.1982
902 _aE 338.91 Sa 18
949 _AVIRTUAITEM
_D10000
_X100
_6PUR000472546ENG
942 _2ddc
_cBKS
991 _eAnwara 17.03.2010
999 _aVIRTUA40
_c211908
_d211908